UM Logo

Management accounting demystified / (Record no. 4114)

MARC details
000 -LEADER
fixed length control field 01256cam a22003254a 4500
001 - CONTROL NUMBER
control field 14100158
003 - CONTROL NUMBER IDENTIFIER
control field OSt
005 - DATE AND TIME OF LATEST TRANSACTION
control field 20160824181557.0
008 - FIXED-LENGTH DATA ELEMENTS--GENERAL INFORMATION
fixed length control field 050908s2006 nyua 001 0 eng
010 ## - LIBRARY OF CONGRESS CONTROL NUMBER
LC control number 2005026108
020 ## - INTERNATIONAL STANDARD BOOK NUMBER
International Standard Book Number 9780071459617 (pbk.)
020 ## - INTERNATIONAL STANDARD BOOK NUMBER
International Standard Book Number 0071459618 (pbk.)
035 ## - SYSTEM CONTROL NUMBER
System control number (OCoLC)ocm61513030
040 ## - CATALOGING SOURCE
Original cataloging agency DLC
Transcribing agency DLC
Modifying agency YDX
-- BAKER
-- VP@
-- DLC
042 ## - AUTHENTICATION CODE
Authentication code pcc
050 00 - LIBRARY OF CONGRESS CALL NUMBER
Classification number HF5657.4
Item number .B47 2006
082 00 - DEWEY DECIMAL CLASSIFICATION NUMBER
Classification number DC 658.1511
Edition number 2006
Item number B46m
100 1# - MAIN ENTRY--PERSONAL NAME
Personal name Berry, Leonard Eugene.
245 10 - TITLE STATEMENT
Title Management accounting demystified /
Statement of responsibility, etc. Leonard Eugene Berry.
260 ## - PUBLICATION, DISTRIBUTION, ETC. (IMPRINT)
Place of publication, distribution, etc. New York :
Name of publisher, distributor, etc. McGraw-Hill,
Date of publication, distribution, etc. c2006.
300 ## - PHYSICAL DESCRIPTION
Extent xx, 411 pages:
Other physical details illustrations ;
Dimensions 24 cm.
500 ## - GENERAL NOTE
General note Includes index.
650 #0 - SUBJECT ADDED ENTRY--TOPICAL TERM
Topical term or geographic name as entry element Managerial accounting.
856 41 - ELECTRONIC LOCATION AND ACCESS
Materials specified Table of contents only
Uniform Resource Identifier <a href="http://www.loc.gov/catdir/toc/ecip0518/2005026108.html">http://www.loc.gov/catdir/toc/ecip0518/2005026108.html</a>
856 42 - ELECTRONIC LOCATION AND ACCESS
Materials specified Contributor biographical information
Uniform Resource Identifier <a href="http://www.loc.gov/catdir/enhancements/fy0664/2005026108-b.html">http://www.loc.gov/catdir/enhancements/fy0664/2005026108-b.html</a>
856 42 - ELECTRONIC LOCATION AND ACCESS
Materials specified Publisher description
Uniform Resource Identifier <a href="http://www.loc.gov/catdir/enhancements/fy0664/2005026108-d.html">http://www.loc.gov/catdir/enhancements/fy0664/2005026108-d.html</a>
906 ## - LOCAL DATA ELEMENT F, LDF (RLIN)
a 7
b cbc
c orignew
d 1
e ecip
f 20
g y-gencatlg
942 ## - ADDED ENTRY ELEMENTS (KOHA)
Source of classification or shelving scheme Dewey Decimal Classification
Koha item type Circulation
Holdings
Withdrawn status Lost status Source of classification or shelving scheme Damaged status Not for loan Collection code Home library Current library Shelving location Date acquired Source of acquisition Total Checkouts Full call number Barcode Date last seen Date last checked out Price effective from Koha item type
    Dewey Decimal Classification     Circulation UM Digos College - LIC UM Digos College - LIC Book Cart 04/26/2010 PLMP 2 DC 658.1511 B46m 2006 20735 09/04/2025 09/02/2025 08/24/2016 Circulation